Hauptstädte der Länder, die mit T beginnen - Statistiken

Allgemein
  • Dieses Quiz wurde 356 mal gespielt
  • Das Durchschnittsergebnis liegt bei 9 aus 13
Antwortstatistiken
T Land Hauptstadt % Korrekt
Türkei Ankara
98%
Tschechien Prag
97%
Thailand Bangkok
96%
Tunesien Tunis
95%
Tadschikistan Duschanbe
75%
Togo Lomé
69%
Tansania Dodoma
68%
Trinidad und Tobago Port of Spain
65%
Turkménistan Aschgabad
55%
Tschad N'Djaména
48%
Tuvalu Funafuti
46%
Dar es Salam
43%
Tonga Nuku'alofa
37%
Keine übereinstimmenden Quizze gefunden
Verteilung der Resultate
Anzahl Personen mit jedem Resultat
Perzentil nach korrekt beantworteten Fragen
Ihre Resultats-Entwicklung
Sie haben dieses Quiz noch nicht gespielt